Dieux & rites de l'Egypte antique /

محفوظ في:

المؤلف الرئيسي: Maruejol, Florence.

التنسيق: كتاب

اللغة: French

منشور في: Paris : Editions de La Martiniere, c2009.

الموضوعات:

الوسوم: إضافة وسم

لا توجد وسوم, كن أول من يضع وسما على هذه التسجيلة!

رقم الطلب: BL2450 .G6 M25 2009

LEADER 00791cam a2200265Mi 4500
001 ocn318168864
003 OSt
005 20251006082950.0
008 090317s2009 fr ab b 000 0 fre d
020 |a 9782732438863  |q (pbk.) 
020 |a 2732438863  |q (pbk.) 
040 |c ARCE Library 
043 |a f-ua--- 
050 4 |a BL2450 .G6 M25 2009 
100 1 |a Maruejol, Florence. 
245 1 0 |a Dieux & rites de l'Egypte antique /   |c Florence Maruejol. 
246 3 |a Dieux et rites de l'Egypte antique. 
264 1 |a Paris :   |b Editions de La Martiniere,   |c c2009. 
300 |a 158 pages :   |b illustrations, maps ;   |c 22 cm. 
504 |a Includes bibliographical references. 
650 0 |a Gods, Egyptian. 
651 0 |a Egypt  |x Religion. 
901 |a reviewed 
942 |2 lcc  |c BK 
999 |c 57195  |d 57195